[Event "Challenge"]
[Site "http://www.queenalice.com/game.php?id=211612"]
[Date "2007.5.16"]
[Round "-"]
[White "li_pinheiro"]
[Black "ederdionatan"]
[Result "1-0"]
[WhiteElo "1365"]
[BlackElo "1100"]

1. Nc3 Nf6 2. e4 g6 3. Nh3 Bg7 4. Bc4 O-O 5. b3 c6 6. Bb2 a6 7. O-O b5 8. Bd3 c5
9. e5 Nh5 10. g4 Nf4 11. Nxf4 Bxe5 12. Qf3 g5 13. Qxa8 Bxf4 14. Qe4 Qc7 15.
Qxh7# 1-0

[Event "Challenge"]
[Site "http://www.queenalice.com/game.php?id=211613"]
[Date "2007.5.16"]
[Round "-"]
[White "Jorge"]
[Black "li_pinheiro"]
[Result "0-1"]
[WhiteElo "1457"]
[BlackElo "1387"]

1. e4 Nf6 2. Nc3 d6 3. Bb5+ c6 4. Ba4 b5 5. Bb3 d5 6. e5 Bg4 7. Nf3 Ne4 8. Nxe4
dxe4 9. h3 Be6 10. Ng5 Bxb3 11. cxb3 Qd5 12. O-O h6 13. Nxe4 Qxe4 14. Re1 Qg6
15. d4 e6 16. Qf3 Nd7 17. Qxc6 Rd8 18. Qxb5 Rb8 19. Qe2 Bb4 20. Rd1 O-O 21. a3
Be7 22. Qf3 f6 23. d5 fxe5 24. Qd3 Rf5 25. d6 Nc5 26. Qe3 Qh5 27. dxe7 Qxd1+ 28.
Kh2 Nxb3 29. Qxa7 Re8 30. Bxh6 Qxa1 31. Be3 Kf7 32. Qa4 Qxb2 33. Qh4 Rxe7 34. g4
Rf3 35. Qh5+ g6 36. Qh7+ Kf6 37. Qh4+ Kf7 38. Qh7+ Ke8 39. Qxg6+ Kd7 40. Qd3+
Nd4 41. Qf1 Rh7 42. Bc1 Rxf2+ 43. Kg3 Rf3+ 44. Qxf3 Nxf3 45. Bxb2 e4 46. Bf6 Nd2
0-1

[Event "Vamos lá!"]
[Site "http://www.queenalice.com/game.php?id=213129"]
[Date "2007.5.19"]
[Round "-"]
[White "li_pinheiro"]
[Black "bonzinho"]
[Result "1/2-1/2"]
[WhiteElo "1390"]
[BlackElo "1325"]

1. e4 d5 2. exd5 Qxd5 3. c4 Qe5+ 4. Be2 Bf5 5. Nf3 Qf4 6. d3 Qd6 7. Qb3 b6 8.
Qa4+ Nc6 9. Nh4 Bd7 10. Nc3 Nd4 11. Qa6 Nxe2 12. Kxe2 Bg4+ 13. f3 Qe6+ 14. Be3
Bh5 15. g4 Qf6 16. gxh5 Qxh4 17. Qb7 Rd8 18. Qxc7 e5 19. Qxe5+ Be7 20. Bg5 Qxh5
21. Qxg7 Qxg5 22. Qxh8 Qg6 23. Rad1 Bf6 24. Rhg1 Bxh8 25. Rxg6 fxg6 26. Nd5 Bxb2
27. Kf1 Ne7 28. Re1 Rd7 29. h4 Kf8 30. Rb1 Be5 31. Rb5 Bg3 32. a4 Bxh4 33. a5
Nc8 34. c5 Rxd5 35. Rb4 Rxc5 36. Rxh4 Rc1+ 37. Ke2 bxa5 38. Rxh7 Kg8 39. Kd2 Ra1
40. Rc7 Nd6 41. Kc2 Nb5 42. Kb2 Rf1 43. Rc5 Nd4 44. Rxa5 Rxf3 45. Kc3 Rf4 46.
Rxa7 g5 47. Ra8+ Kf7 48. Rd8 Ne2+ 49. Kd2 Ke7 50. Rd5 g4 51. Re5+ Kf6 52. Rxe2
g3 53. Rg2 Rf2+ 54. Rxf2+ gxf2 55. Ke2 Ke5 56. Kxf2 Kd4 57. Ke2 Kd5 58. Ke3 Ke5
59. d4+ Kd5 60. Kd3 Kd6 61. Ke4 Ke6 62. d5+ Kd6 63. Kd4 Ke7 64. Ke5 Kd7 65. d6
Kc6 66. Ke6 Kb6 67. d7 Kc7 68. Ke7 Kc6 69. d8=Q Kc5 70. Qd6+ Kc4 71. Ke6 Kc3 72.
Ke5 1/2-1/2

[Event "Já tá no bem-bom!!!"]
[Site "http://www.queenalice.com/game.php?id=219112"]
[Date "2007.6.1"]
[Round "-"]
[White "bonzinho"]
[Black "li_pinheiro"]
[Result "1-0"]
[WhiteElo "1337"]
[BlackElo "1370"]

1. e4 d5 2. Nc3 dxe4 3. Nxe4 Qd4 4. d3 e5 5. Be3 Qxb2 6. d4 Bb4+ 7. Bd2 Qxd4 8.
Rb1 Bxd2+ 9. Nxd2 Nf6 10. Ngf3 Qc3 11. Bc4 Ne4 12. Rb3 Qa5 13. Bb5+ c6 14. Bc4
O-O 15. O-O Rd8 16. Re1 Nxd2 17. Nxd2 Rxd2 18. Qf3 Be6 19. Ra3 Qb4 20. Qc3 Qd6
21. Re2 Rd1+ 22. Re1 Bxc4 23. g3 Rxe1+ 24. Qxe1 Qxa3 25. Qxe5 Qf3 26. Qe8# 1-0

[Event "Vamos jogar amor?"]
[Site "http://www.queenalice.com/game.php?id=224705"]
[Date "2007.6.14"]
[Round "-"]
[White "li_pinheiro"]
[Black "nallpinheiro"]
[Result "0-1"]
[WhiteElo "1406"]
[BlackElo "1270"]

1. d4 Nf6 2. c3 d5 3. Nf3 Bg4 4. Nbd2 Ne4 5. Ne5 Bf5 6. Qa4+ c6 7. Qb4 Qc7 8. g4
Be6 9. Ndf3 f6 10. Nd3 Bxg4 11. b3 Bxf3 12. exf3 Nd6 13. Bf4 e6 14. O-O-O g5 15.
Bg3 Qd7 16. Nc5 Qg7 17. Re1 e5 18. Ne6 Qe7 19. Bh3 Bh6 20. Qa5 b6 21. Qa4 g4+
22. f4 gxh3 23. dxe5 Qxe6 24. exd6 Qxe1+ 25. Rxe1+ Kd7 26. Re7+ Kd8 27. Kd1 Bf8
28. Re6 Be7 29. dxe7+ Ke8 30. Qa6 Nxa6 31. f5 Nc5 32. Rxc6 Kxe7 33. Bd6+ Kd7 34.
Rc7+ Kxd6 35. Rf7 Nd7 36. a4 Raf8 37. Rg7 Rfg8 38. Rg3 Rg5 39. Rxh3 Rxf5 40. f3
Ne5 41. Ke2 Rg8 42. c4 d4 43. Rg3 Re8 44. h4 Nxf3+ 45. Kd3 Re3+ 46. Kc2 d3+ 47.
Kc1 d2+ 48. Kc2 Re1 49. Rxf3 d1=Q+ 50. Kc3 Rxf3+ 51. Kb4 a6 52. a5 b5 53. cxb5
Qxb3# 0-1

[Event "WorldFamousSispl"]
[Site "http://www.queenalice.com/game.php?id=224767"]
[Date "2007.6.14"]
[Round "3"]
[White "li_pinheiro"]
[Black "groo"]
[Result "1-0"]
[WhiteElo "1418"]
[BlackElo "1394"]

1. Nc3 e5 2. d4 Bd6 3. Nh3 Nf6 4. dxe5 Bxe5 5. Qd3 d5 6. Bf4 Bxf4 7. Nxf4 O-O 8.
e3 c6 9. Nh3 Qe7 10. Ng5 Be6 11. e4 dxe4 12. Ncxe4 Nxe4 13. Qxe4 Qxg5 14. Bd3 g6
15. f4 Qa5+ 16. c3 Re8 17. O-O-O Qxa2 18. c4 Nd7 19. Bb1 Qxc4+ 20. Qxc4 Bxc4 21.
Rxd7 b5 22. Be4 Rxe4 23. Rhd1 Rxf4 24. g3 1-0

[Event "Challenge"]
[Site "http://www.queenalice.com/game.php?id=225103"]
[Date "2007.6.14"]
[Round "-"]
[White "fpenha"]
[Black "li_pinheiro"]
[Result "1-0"]
[WhiteElo "875"]
[BlackElo "1363"]

1. e4 d5 2. exd5 Qxd5 3. Nf3 e6 4. Nc3 Qc5 5. d4 Qa5 6. Bb5+ c6 7. Be2 Nf6 8.
O-O Qh5 9. b4 Ng4 10. h3 Nf6 11. Ne5 Bd6 12. Nc4 Bc7 13. Bxh5 g6 14. Bf3 O-O 15.
Re1 Rd8 16. Ne4 Nh5 17. Bxh5 gxh5 18. Qxh5 Rxd4 19. Nf6+ Kg7 20. Bg5 Kf8 21.
Qxh7 Ke7 22. Ne3 Be5 23. Nf5+ exf5 24. Rxe5+ Kd6 25. Rae1 Nd7 26. Nxd7 Bxd7 27.
Qxf7 Re4 28. Qf6+ Kc7 29. R5xe4 fxe4 30. Rxe4 b5 31. Bf4+ Kb7 32. Qf7 Rd8 33.
Re7 Kc8 34. Rxd7 Rxd7 35. Qxd7+ Kxd7 36. g4 Ke7 37. g5 Kf7 38. h4 Kg6 39. f3 Kh5
40. Bg3 Kg6 41. Kf2 Kh5 42. f4 Kg6 43. Kf3 a6 44. Kg4 Kf7 45. h5 Kg7 46. f5 c5
47. h6+ Kf7 48. g6+ Kf6 49. h7 Kg7 50. Be5+ Kf8 51. h8=Q+ Ke7 52. g7 Kd7 53.
g8=Q cxb4 54. f6 Kc6 55. Bd4 b3 56. cxb3 a5 57. Qc8+ Kd5 58. f7 a4 59. bxa4 bxa4
60. f8=Q a3 61. Qxa3 Ke4 62. Qf5# 1-0

[Event "AUTO-INT-537"]
[Site "http://www.queenalice.com/game.php?id=242090"]
[Date "2007.7.19"]
[Round "1"]
[White "li_pinheiro"]
[Black "reijf_Dornelas"]
[Result "0-1"]
[WhiteElo "1427"]
[BlackElo "1796"]

1. e4 e5 2. d4 exd4 3. Qxd4 Nc6 4. Qc3 Qf6 5. Nf3 Bb4 6. Qd2 Bxd2+ 7. Bxd2 Qxb2
8. Bc3 Qc1+ 9. Ke2 Qxc2+ 10. Nfd2 d6 11. Bxg7 Nd4+ 12. Ke3 f6 13. Kxd4 Qc5+ 14.
Kd3 Qb5+ 15. Kc2 Qc5+ 16. Nc3 f5 17. Bxh8 Be6 18. Rb1 b6 19. Rb5 Qxf2 20. Bc4
Bxc4 21. Rxf5 Qxg2 22. Rhf1 O-O-O 23. Kc1 Bxf1 24. Rxf1 Qxh2 25. Nd5 Nh6 26. Nf3
Qg2 27. Nd2 Rxh8 28. Rf6 Ng4 29. Nf4 Qg1+ 30. Kc2 Nxf6 31. Ne6 h5 32. Nf3 Qf2+
33. Nd2 Nxe4 0-1

[Event "AUTO-INT-537"]
[Site "http://www.queenalice.com/game.php?id=242091"]
[Date "2007.7.19"]
[Round "1"]
[White "reijf_Dornelas"]
[Black "li_pinheiro"]
[Result "1-0"]
[WhiteElo "1781"]
[BlackElo "1429"]

1. e4 d5 2. exd5 Qxd5 3. Nc3 Qf5 4. Nb5 Kd8 5. Qf3 Qxc2 6. Qxf7 Nh6 7. Qd5+ Bd7
8. Qxb7 Bc6 9. Qxc7+ Ke8 10. Nf3 Qe4+ 11. Kd1 Qa4+ 12. b3 Qa6 13. Nfd4 e5 14.
Ne6 Bxb5 15. Bxb5+ Qxb5 16. Qd8+ Kf7 17. Ng5+ Kg6 18. Ne6 Nf7 19. Nxf8+ Kh5 20.
g4+ Kxg4 21. Rg1+ Kf4 22. Qh4+ Kf5 23. Qh5+ Kf6 24. Qf3+ Ke7 25. Ba3+ Nd6 26.
Rxg7+ Ke8 27. Bxd6 Rxf8 28. Qxf8# 1-0

[Event "AUTO-INT-537"]
[Site "http://www.queenalice.com/game.php?id=242092"]
[Date "2007.7.19"]
[Round "1"]
[White "li_pinheiro"]
[Black "dinkoiliev"]
[Result "0-1"]
[WhiteElo "1436"]
[BlackElo "1668"]

1. c4 Nf6 2. e3 e5 3. f4 Nc6 4. d4 Bb4+ 5. Bd2 O-O 6. Qf3 Bxd2+ 7. Nxd2 d6 8. d5
Nb4 9. Rc1 Nxa2 10. Ra1 Nb4 11. Ra4 c5 12. Nh3 Qe8 13. b3 e4 14. Qg3 Bd7 15. Ra1
Nc2+ 16. Kd1 Nxa1 17. Kc1 Qd8 18. Nf2 Qa5 19. Ndxe4 Nxb3+ 20. Kc2 Qa2+ 21. Kc3
Nh5 22. Qg5 g6 23. Qh6 Bf5 24. g4 Bxe4 25. Nxe4 f5 26. Nxd6 Ng7 27. gxf5 Rf6 28.
Ne4 Rxf5 29. Ng3 Rff8 30. Bh3 Rae8 31. Re1 Qd2+ 32. Kxb3 Qxe1 33. Be6+ Nxe6 34.
dxe6 Qxe3+ 35. Ka4 Rxe6 36. Qg5 Ra6+ 37. Kb5 Qb3+ 38. Kxc5 Ra5+ 39. Kd4 Rxg5 40.
fxg5 Rf4+ 41. Ne4 b5 42. cxb5 Qb4+ 43. Kd5 Rxe4 44. b6 Qd4+ 45. Kc6 Qxb6+ 0-1

[Event "AUTO-INT-537"]
[Site "http://www.queenalice.com/game.php?id=242093"]
[Date "2007.7.19"]
[Round "1"]
[White "dinkoiliev"]
[Black "li_pinheiro"]
[Result "1-0"]
[WhiteElo "1630"]
[BlackElo "1433"]

1. e4 e5 2. Nc3 Qg5 3. Nf3 Qe7 4. d4 exd4 5. Nxd4 Nc6 6. Nxc6 bxc6 7. Bd3 d5 8.
O-O Qe5 9. Qe2 Bd6 10. exd5 Kf8 11. Qxe5 Bxe5 12. Re1 f6 13. Be3 cxd5 14. Nxd5
Bxb2 15. Rad1 c6 16. Bc5+ Kf7 17. Nc7 Rb8 18. Bc4+ Kg6 19. Rd3 Rb4 20. Rg3+ Kf5
21. Bd3+ Kf4 22. Be3+ Ke5 23. Bc5+ Kf4 24. Bd6+ Be5 25. Bxb4 Bxc7 26. Bd2# 1-0

[Event "AUTO-INT-537"]
[Site "http://www.queenalice.com/game.php?id=242094"]
[Date "2007.7.19"]
[Round "1"]
[White "li_pinheiro"]
[Black "piemme"]
[Result "0-1"]
[WhiteElo "1425"]
[BlackElo "1615"]

1. Nf3 Nf6 2. e3 d6 3. h4 Ne4 4. Bd3 Nc5 5. Bc4 Bg4 6. d4 Ne4 7. Qd3 d5 8. Bb3
c6 9. Ne5 Bf5 10. g4 Ng3 11. gxf5 Nxh1 12. Qf1 f6 13. Nf3 Nxf2 14. Qxf2 Qd7 15.
e4 dxe4 16. Nfd2 e3 17. Qxe3 Qxf5 18. Nc3 Nd7 19. Be6 Qxc2 20. b3 g5 21. hxg5
fxg5 22. Nde4 h6 23. d5 Nf6 24. Nxf6+ Kd8 25. Nd7 Bg7 26. Ne4 Bxa1 27. dxc6 bxc6
28. Ba3 Qb1+ 29. Kd2 Qxa2+ 30. Kd1 Qxa3 31. Nc3 Bxc3 32. Qxc3 Re8 33. Nf6 Rf8
34. Qxc6 Qd6+ 35. Bd5 Rxf6 36. Qxa8+ Kd7 37. Kc2 Qh2+ 38. Kc3 Qc7+ 39. Bc4 g4
40. Qd5+ Rd6 41. Qb5+ Qc6 42. Kb4 Qxb5+ 43. Bxb5+ Kd8 44. Ka5 Rd5 45. Ka6 g3 46.
Bc6 Rd6 47. Kb7 h5 48. b4 h4 49. b5 h3 50. Kxa7 g2 51. Bxg2 hxg2 0-1

[Event "AUTO-INT-537"]
[Site "http://www.queenalice.com/game.php?id=242095"]
[Date "2007.7.19"]
[Round "1"]
[White "piemme"]
[Black "li_pinheiro"]
[Result "0-1"]
[WhiteElo "1648"]
[BlackElo "1392"]

1. c4 d5 2. b3 dxc4 3. bxc4 Bf5 4. d3 c6 5. Qb3 b6 6. e4 Be6 7. Bb2 Na6 8. Nf3
Nc5 9. Qc3 Na4 10. Qb3 b5 11. Nc3 Qa5 12. cxb5 Bxb3 0-1

[Event "Challenge"]
[Site "http://www.queenalice.com/game.php?id=262500"]
[Date "2007.8.28"]
[Round "-"]
[White "Playoff"]
[Black "li_pinheiro"]
[Result "1-0"]
[WhiteElo "1265"]
[BlackElo "1415"]

1. e4 d5 2. e5 f6 3. d4 fxe5 4. dxe5 Nh6 5. Bxh6 gxh6 6. h3 Bg7 7. Nf3 Bf5 8.
Nc3 c6 9. Bd3 e6 10. Bxf5 exf5 11. O-O Qb6 12. Qc1 Na6 13. Qf4 O-O-O 14. Qxf5+
Rd7 15. Rab1 Rf8 16. Qxh7 d4 17. Ne2 c5 18. Rfe1 Re8 19. Qf5 Rf8 20. Qg4 Nb4 21.
c3 Nc2 22. Red1 Re8 23. b3 Bxe5 24. Nxe5 Rxe5 25. Rbc1 Rg5 26. Qe4 Qc6 27. Qxc6+
bxc6 28. Rxc2 d3 29. Rcd2 Re7 30. Ng3 h5 31. Rxd3 h4 32. Nf1 Kc7 33. Ne3 Re4 34.
Rd7+ Kb6 35. R7d6 Rge5 36. Nc4+ Kc7 37. Rd7+ Kc8 38. Nxe5 1-0